Catálogo
 En Linea

Fracaso de la democracia representativa a la luz del derecho constitucional / (Registro nro. 51624)

Detalles MARC
000 -CABECERA
campo de control de longitud fija 01983nam a22003977i 4500
003 - IDENTIFICADOR DEL NÚMERO DE CONTROL
campo de control DO-SdBNP
005 - FECHA Y HORA DE LA ÚLTIMA TRANSACCIÓN
campo de control 20260304085435.0
007 - CAMPO FIJO DE DESCRIPCIÓN FÍSICA--INFORMACIÓN GENERAL
campo de control de longitud fija ta
008 - DATOS DE LONGITUD FIJA--INFORMACIÓN GENERAL
campo de control de longitud fija 220429b2010 |||j|||| |||| 001 0dspa d
020 ## - NÚMERO INTERNACIONAL ESTÁNDAR DEL LIBRO
Número Internacional Estándar del Libro 9789945447361
040 ## - FUENTE DE LA CATALOGACIÓN
Centro catalogador/agencia de origen DO-SdBNP
Lengua de catalogación spa
Centro/agencia transcriptor BNPHU
Normas de descripción rda
041 ## - CÓDIGO DE LENGUA
Código de lengua original spa
082 #4 - NÚMERO DE LA CLASIFICACIÓN DECIMAL DEWEY
Número de clasificación 342.7293
Número de documento/Ítem P349r
Número de edición 22
100 1# - ENTRADA PRINCIPAL--NOMBRE DE PERSONA
Nombre de persona Peña Gomez, Jose Francisco ,
Fechas asociadas al nombre 1937-1998
9 (RLIN) 2994
245 10 - MENCIÓN DE TÍTULO
Título Fracaso de la democracia representativa a la luz del derecho constitucional /
Mención de responsabilidad, etc. José Francisco Peña Gómez ; editor, Franklin García Fermín
246 14 - FORMA VARIANTE DE TÍTULO
Título propio/Titulo breve La reelección :
Resto del título fracaso de la democracia representativa a la luz del derecho constitucional ; estudio sobre las reformas constitucionales en la República Dominicana y sus consecuencias.
264 ## - PRODUCCIÓN, PUBLICACIÓN, DISTRIBUCIÓN, FABRICACIÓN Y COPYRIGHT
Producción, publicación, distribución, fabricación y copyright Santo Domingo :
Nombre del de productor, editor, distribuidor, fabricante Universitaria-UASD,
Fecha de producción, publicación, distribución, fabricación o copyright 2010.
300 ## - DESCRIPCIÓN FÍSICA
Extensión 206 páginas :
Otras características físicas ilustraciones ;
Dimensiones 53 cm
336 ## - TIPO DE CONTENIDO
Fuente rdacontent
Término de tipo de contenido texto
Código de tipo de contenido txt
337 ## - TIPO DE MEDIO
Fuente rdamedia
Nombre/término del tipo de medio sin mediación
Código del tipo de medio n
338 ## - TIPO DE SOPORTE
Fuente rdacarrier
Nombre/término del tipo de soporte volumen
Código del tipo de soporte nc
490 1# - MENCIÓN DE SERIE
Mención de serie Publicaciones de la Universidad de Santo Domingo ;
Designación de volumen o secuencia 147723
490 1# - MENCIÓN DE SERIE
Mención de serie Derecho y política;
Designación de volumen o secuencia 23
500 ## - NOTA GENERAL
Nota general Incluye datos biográficos del autor en las solapas <br/>.
500 ## - NOTA GENERAL
Nota general Presentado originalmente como tesis para obtener el título de Doctor en Derecho, Universidad Autónoma de Santo Domingo, 1 de octubre de 1970.
504 ## - NOTA DE BIBLIOGRAFÍA, ETC.
Nota de bibliografía, etc. Bibliografía páginas 185-187.
590 ## - NOTA LOCAL (RLIN)
Nota local Inventariado, 2023/MFF
651 #0 - PUNTO DE ACCESO ADICIONAL DE MATERIA--NOMBRE GEOGRÁFICO
Nombre geográfico República Dominicana
Subdivisión general Política y gobierno
9 (RLIN) 45
651 #4 - PUNTO DE ACCESO ADICIONAL DE MATERIA--NOMBRE GEOGRÁFICO
Nombre geográfico República Dominicana
Subdivisión general Historia constitucional
9 (RLIN) 6486
651 #4 - PUNTO DE ACCESO ADICIONAL DE MATERIA--NOMBRE GEOGRÁFICO
Nombre geográfico República Dominicana
Subdivisión general Derecho constitucional
9 (RLIN) 9303
700 ## - PUNTO DE ACCESO ADICIONAL--NOMBRE DE PERSONA
Nombre de persona García Fermín, Franklin,
Término indicativo de función/relación prólogo
710 ## - PUNTO DE ACCESO ADICIONAL--NOMBRE DE ENTIDAD CORPORATIVA
Nombre de entidad corporativa o nombre de jurisdicción como elemento de entrada Universidad Autónoma de Santo Domingo
830 #0 - PUNTO DE ACCESO ADICIONAL DE SERIE-TÍTULO UNIFORME
Título uniforme Universidad Autónoma de Santo Domingo ;
Número de parte o sección de la obra 1477
Nombre de parte o sección de la obra Derecho y política;
Número de parte o sección de la obra 23
9 (RLIN) 83520
910 ## - DATOS DE OPCIÓN DEL USUARIO (OCLC)
Datos de opción del usuario Saquino/Validado. Control de calidad MFF
942 ## - ELEMENTOS DE PUNTO DE ACCESO ADICIONAL (KOHA)
Fuente del sistema de clasificación o colocación Dewey Decimal Classification
Tipo de ítem Koha Libro
Existencias
Estado de retiro Estado de pérdida Fuente del sistema de clasificación o colocación Restricciones de uso No para préstamo Código de colección Localización permanente Ubicación/localización actual Ubicación en estantería Fecha de adquisición Fuente de adquisición Signatura topográfica completa Código de barras Fecha visto por última vez Precio válido a partir de Tipo de ítem Koha Número de copia
    Dewey Decimal Classification Excluido de préstamo   Patrimonio Dominicano Biblioteca Nacional Pedro Henríquez Ureña Biblioteca Nacional Pedro Henríquez Ureña Depósito 02.11.2021 Donado BNPHU PD 342.7293 P349r 2022-1723 29.04.2022 29.04.2022 Libro  
    Dewey Decimal Classification Excluido de préstamo   Patrimonio Dominicano Biblioteca Nacional Pedro Henríquez Ureña Biblioteca Nacional Pedro Henríquez Ureña Depósito 02.11.2021 Donado por Wilfredo Alemani 02/11/2021 BNPHU PD 342.7293 P349r 2022-1724 29.04.2022 29.04.2022 Libro e.2

Con tecnología Koha